[Event "Fremont Weibel Quads 2"]
[Site "Fremont"]
[Date "2003.07.26"]
[Round "2"]
[White "Lin, Owen"]
[Black "Saha, Utsab"]
[Result "1-0"]
[WhiteElo "1475"]
[BlackElo "1500"]
[PlyCount "39"]
[EventDate "2003.07.26"]
[EventType "swiss"]
[EventRounds "3"]
[EventCountry "USA"]
[SourceTitle "EXT 2009"]
[Source "ChessBase"]
[SourceDate "2008.11.26"]
[SourceVersion "1"]
[SourceVersionDate "2008.11.26"]
[SourceQuality "1"]

1. e4 e5 2. d4 exd4 3. c3 dxc3 4. Bc4 Nf6 5. e5 Ne4 6. Nf3 Bc5 7. Qd5 Qe7 8. Qxe4 cxb2 9. Bxb2 0-0 10. 0-0 Nc6 11. Nc3 d6 12. Nd5 Qd8 13. Bd3 g6 14. Nf6+ Kg7 15. Qh4 h5 16. Nxh5+ gxh5 17. Qxh5 Rh8 18. e6+ Ne5 19. Qxf7+ Kh6 20. Bc1+ 1-0